000 00445nam a2200181Ia 4500
001 11673
005 20260306162845.0
008 260306t1978||||xx |||||||||||||| ||spa||
041 _aESP
082 _a986.60261
_bC49
100 _aCevallos García, Gabriel
_eAUT
245 0 _aPor un García Moreno de cuerpo entero
260 _c1978
300 _a330 páginas :
_c21 cm.
650 _aGEN
654 _aCHU
942 _cLIB
_dJUS
_fJUS
_2ddc
_n
999 _c11673
_d11673